000 00356nam a2200133 i 4500
001 bg
100 1 _aKAWALEC, Mieczysław
245 0 _aSkrawalność stali konstrukcyjnych węglowych wyższej jakości /
_cMieczysław Kawalec.
260 _aPoznań,
_c1970.
040 _cBPK
041 _apol
942 _cKS
008 s pl f |000 0 pol
999 _c20646
_d20646
856 _uhttp://koha.tu.koszalin.pl/cgi-bin/koha/opac-detail.pl?biblionumber=20646
_yKatalog online BPK